| 000 | 00594nam a2200217 a 4500 | ||
|---|---|---|---|
| 005 | 20240806063917.0 | ||
| 008 | 040226s1973 mx r 000 0 spa d | ||
| 020 | _a9682707439 | ||
| 035 | _aUPN01000136063 | ||
| 049 | _aCG | ||
| 050 | 4 |
_aPQ7297 F9.8 _bC3a 1973 |
|
| 100 | 1 |
_aFuentes, Carlos, _d1928-2012 |
|
| 245 | 1 | 0 |
_aCambio de piel / _cCarlos Fuentes. |
| 250 | _a5a ed. | ||
| 260 |
_aMéxico : _bJoaquín Mortiz, _c1973. |
||
| 300 |
_a441 p. : _bil. |
||
| 440 | 0 | _aObras de Carlos Fuentes | |
| 650 | 4 |
_aNovela mexicana _94557 |
|
| 650 | 4 |
_aLiteratura mexicana _94466 |
|
| 905 | _aLIbro | ||
| 999 |
_c108214 _d108214 |
||